អ្នកនេសាទ និង មច្ឆាសួគ៏ : (Record no. 8125)
[ view plain ]
| 000 -LEADER | |
|---|---|
| fixed length control field | 02318nam a22002897a 4500 |
| 001 - CONTROL NUMBER | |
| control field | 8125 |
| 003 - CONTROL NUMBER IDENTIFIER | |
| control field | FISKH |
| 005 - DATE AND TIME OF LATEST TRANSACTION | |
| control field | 20250827123611.0 |
| 008 - FIXED-LENGTH DATA ELEMENTS--GENERAL INFORMATION | |
| fixed length control field | 250827b cb ||||| |||| 00| 0 eng d |
| 020 ## - INTERNATIONAL STANDARD BOOK NUMBER | |
| International Standard Book Number | 9789996333125 |
| 040 ## - CATALOGING SOURCE | |
| Original cataloging agency | FISKH |
| Language of cataloging | khr |
| Transcribing agency | FISKH |
| Modifying agency | FISKH |
| 050 ## - LIBRARY OF CONGRESS CALL NUMBER | |
| Classification number | PZ7 |
| 100 ## - MAIN ENTRY--PERSONAL NAME | |
| Personal name | Thai Ly, Ly |
| 245 ## - TITLE STATEMENT | |
| Title | អ្នកនេសាទ និង មច្ឆាសួគ៏ : |
| Remainder of title | The fisherman and the fairy fish / |
| Statement of responsibility, etc. | រៀបរៀងដោយ លោក លី ថៃលី , វិចិត្រកររូបភាពដោយ លោក ថៃ សាន |
| 260 ## - PUBLICATION, DISTRIBUTION, ETC. | |
| Place of publication, distribution, etc. | ភ្នំពេញ : |
| Name of publisher, distributor, etc. | រោងពុម្ព ពេជ្រ ណែត , |
| 300 ## - PHYSICAL DESCRIPTION | |
| Extent | 22 pages : |
| Other physical details | color illustrations ; |
| Dimensions | 25 cm . |
| 505 ## - FORMATTED CONTENTS NOTE | |
| Formatted contents note | P <br/> |
| 520 ## - SUMMARY, ETC. | |
| Summary, etc. | អ្នកនេសាទបានស្ទូចត្រីមួយដ៏ធំ ។ ត្រីក៏និយាយថាកុំសម្លាប់ខ្ញុំព្រោះខ្ញុំជាទេព្តា ។ លីដូច្នោះតាក៏ទម្លាក់ត្រីចូលទឹកវិញ ។ ពេលដល់ផ្ទះគាត់ក៏ប្រាប់ប្រពន្ធ ប្រពន្ធក៏បង្គាប់ប្តីអោយសុំផ្ទះពីត្រី ។ ត្រីក៏អោយផ្ទះដ៏ស្អាតមួយ។ ដោយក្តីលោភលន់មិនចេះចប់ អ្នកនេសាទនិងប្រពន្ធត្រូវបាត់បង់អ្វីទាំងអស់។ |
| 520 ## - SUMMARY, ETC. | |
| Summary, etc. | A fisherman caught a big fish. The fish said, "Don't kill me because I am a magical being." So the old man let the fish go back into the water. When he got home, he told his wife, and she ordered him to ask the fish for a house. The fish granted them a beautiful house. However, because of their endless greed, the fisherman and his wife ended up losing everything. |
| 521 8# - TARGET AUDIENCE NOTE | |
| Target audience note | 650 <br/> |
| Source | Lexile estimate <br/> |
| 521 8# - TARGET AUDIENCE NOTE | |
| Target audience note | P <br/> |
| Source | Raz-Plus <br/> |
| 650 ## - SUBJECT ADDED ENTRY--TOPICAL TERM | |
| Topical term or geographic name entry element | អ្នកនេសាទនិងមច្ឆាសួគ៏ |
| Form subdivision | រឿងនិទានកុមារ |
| 650 ## - SUBJECT ADDED ENTRY--TOPICAL TERM | |
| Topical term or geographic name entry element | The fisherman and the fairy fish |
| Form subdivision | Children's stories |
| 700 ## - ADDED ENTRY--PERSONAL NAME | |
| Personal name | San, Thai |
| Relator term | Illustrator |
| 942 ## - ADDED ENTRY ELEMENTS (KOHA) | |
| Source of classification or shelving scheme | Dewey Decimal Classification |
| Koha item type | Khmer Books |
| Suppress in OPAC | No |
| Withdrawn status | Lost status | Source of classification or shelving scheme | Damaged status | Not for loan | Collection | Home library | Current library | Shelving location | Date acquired | Total Checkouts | Full call number | Barcode | Date last seen | Copy number | Price effective from | Koha item type |
|---|---|---|---|---|---|---|---|---|---|---|---|---|---|---|---|---|
| Dewey Decimal Classification | Khmer-English Bilingual / ភាសាខ្មែរ-អង់គ្លេស | Footprints International School Library Network Toul Tom Poung Campus | Footprints International School Library Network Toul Tom Poung Campus | TTP Primary Khmer Bookshelves | 08/27/2025 | THA PZ7 | 2025-4280 | 08/27/2025 | 1 | 08/27/2025 | Khmer Books | |||||
| Dewey Decimal Classification | Khmer-English Bilingual / ភាសាខ្មែរ-អង់គ្លេស | Footprints International School Library Network Toul Tom Poung Campus | Footprints International School Library Network Toul Tom Poung Campus | TTP Primary Khmer Bookshelves | 11/27/2025 | THA PZ7 | 2025-4952 | 11/27/2025 | 2 | 11/27/2025 | Khmer Books |
